Constellations de l'hémisphère Nord - Statistiques

Statistiques générales
  • Ce quiz a été pris 51 fois
  • Le résultat moyen est 27 sur 43
Statistiques - réponses
Constellation % Correct
Cassiopée
91%
Gémeaux
88%
Grande Ourse
88%
Lion
88%
Orion
85%
Petite Ourse
85%
Taureau
85%
Cygne
82%
Bouvier
79%
Cancer
79%
Lyre
79%
Pégase
79%
Verseau
79%
Andromède
76%
Poissons
76%
Vierge
76%
Aigle
73%
Céphée
73%
Dragon
73%
Bélier
70%
Hercule
70%
Persée
70%
Cocher
61%
Baleine
58%
Couronne boréale
58%
Girafe
58%
Petit Chien
58%
Chevelure de Bérénice
55%
Serpent
52%
Lynx
48%
Petit Lion
48%
Petit Renard
48%
Dauphin
45%
Flèche
45%
Triangle
45%
Hydre
42%
Chiens de Chasse
39%
Licorne
33%
Ophiuchus
33%
Éridan
30%
Lézard
27%
Petit Cheval
27%
Sextant
24%
Aucun quiz correspondant
Distribution des résultats
% des personnes avec chaque résultat
Percentile par nombre de réponses
Votre historique - résultats
Vous n’avez pas pris ce quiz